000 00345 a2200157 4500
001 192777
020 _a85-260-0595-2
040 _cMagnum
100 _aGregório Filho, Francisco
240 1 0 _aLembranças amorosas
_lpor
245 1 0 _aLembranças amorosas
300 _a68
362 0 _a2000
697 _aLITERATURA JUVENIL
942 _cBK
999 _c192777
_d192777